UK Parliament Constituencies: England (no greater London) - Statistics

General Stats
  • This quiz has been taken 900 times
  • The average score is 280 of 460
Answer Stats
Answer % Correct
Liverpool West Derby
94%
Manchester Central
94%
Manchester Gorton
94%
Manchester Withington
94%
Birmingham Edgbaston
92%
Birmingham Erdington
92%
Birmingham Hall Green
92%
Birmingham Hodge Hill
92%
Birmingham Ladywood
92%
Birmingham Northfield
92%
Birmingham Perry Barr
92%
Birmingham Selly Oak
92%
Birmingham Yardley
92%
Liverpool Riverside
92%
Liverpool Walton
92%
Liverpool Wavertree
92%
East Yorkshire
91%
Richmond Yorks
91%
Newcastle under Lyme
90%
Newcastle upon Tyne Central
90%
Newcastle upon Tyne East
90%
Newcastle upon Tyne North
90%
York Central
90%
York Outer
90%
South Cambridgeshire
89%
Cambridge
88%
North East Cambridgeshire
88%
North West Cambridgeshire
88%
South East Cambridgeshire
88%
Brighton Kemptown
87%
Brighton Pavilion
87%
Leeds Central
87%
Leeds East
87%
Leeds North East
87%
Leeds North West
87%
Leeds West
87%
Oxford East
87%
Oxford West and Abingdon
87%
Plymouth Sutton and Devonport
87%
Bristol East
86%
Bristol North West
86%
Bristol South
86%
Bristol West
86%
Central Suffolk and North Ipswich
86%
Kenilworth and Southam
85%
Sheffield Brightside and Hillsborough
85%
Sheffield Central
85%
Sheffield Hallam
85%
Sheffield Heeley
85%
Sheffield South East
85%
City of Chester
84%
Kingston upon Hull East
84%
Kingston upon Hull North
84%
Kingston upon Hull West and Hessle
84%
Leicester East
84%
Leicester South
84%
Leicester West
84%
Lincoln
84%
North West Leicestershire
84%
Nottingham East
84%
Nottingham North
84%
Nottingham South
84%
South Leicestershire
84%
Bath
83%
Derby North
83%
Derbyshire Dales
83%
Derby South
83%
Houghton and Sunderland South
83%
Mid Derbyshire
83%
North East Derbyshire
83%
Plymouth Moor View
83%
South Derbyshire
83%
Lancaster and Fleetwood
82%
Norwich North
82%
Norwich South
82%
Sunderland Central
82%
Torridge and West Devon
82%
Washington and Sunderland West
82%
West Lancashire
82%
Central Devon
81%
East Devon
81%
Mid Dorset and North Poole
81%
North Devon
81%
South West Devon
81%
Bradford East
80%
Bradford South
80%
Bradford West
80%
City of Durham
80%
Coventry North East
80%
Coventry North West
80%
Coventry South
80%
Exeter
80%
North Durham
80%
North West Durham
80%
Portsmouth North
80%
Portsmouth South
80%
Gloucester
79%
North Cornwall
79%
South East Cornwall
79%
Blackpool North and Cleveleys
78%
Blackpool South
78%
Dover
78%
Mid Worcestershire
78%
North Norfolk
78%
Reading East
78%
Reading West
78%
West Worcestershire
78%
Worcester
78%
Don Valley
77%
Hereford and South Herefordshire
77%
Mid Norfolk
77%
Northampton North
77%
Northampton South
77%
North Herefordshire
77%
North West Norfolk
77%
South Norfolk
77%
South Northamptonshire
77%
South West Norfolk
77%
Wolverhampton North East
77%
Wolverhampton South East
77%
Wolverhampton South West
77%
Harwich and North Essex
76%
Stoke on Trent Central
76%
Stoke on Trent North
76%
Stoke on Trent South
76%
Canterbury
75%
Ipswich
75%
Romsey and Southampton North
75%
South Suffolk
75%
Suffolk Coastal
75%
Warwick and Leamington
75%
West Suffolk
75%
Carlisle
74%
Faversham and MidKent
74%
Bedford
73%
Bridgwater and West Somerset
73%
Doncaster Central
73%
Doncaster North
73%
Mid Bedfordshire
73%
Mid Sussex
73%
North East Bedfordshire
73%
North East Somerset
73%
North Somerset
73%
North Warwickshire
73%
Southampton Itchen
73%
Southampton Test
73%
South Staffordshire
73%
South West Bedfordshire
73%
Stafford
73%
Bournemouth East
72%
Bournemouth West
72%
North Dorset
72%
South Dorset
72%
West Dorset
72%
Bolton North East
71%
Bolton South East
71%
Bolton West
71%
East Hampshire
71%
Isle of Wight
71%
Middlesbrough
71%
North East Hampshire
71%
North West Hampshire
71%
East Surrey
70%
Huddersfield
70%
Luton North
70%
Luton South
70%
South West Surrey
70%
Surrey Heath
70%
Peterborough
69%
Rochford and Southend East
69%
Blackburn
68%
Colchester
68%
Maidstone and the Weald
68%
Truro and Falmouth
68%
Wyre and Preston North
68%
Boston and Skegness
67%
Buckingham
67%
Hastings and Rye
67%
Hertford and Stortford
67%
South West Hertfordshire
67%
Burnley
66%
Bury North
66%
Bury South
66%
Bury St. Edmonds
66%
Great Grimsby
66%
North East Hertfordshire
66%
Oldham East and Saddleworth
66%
Southend West
66%
Oldham West and Royton
65%
Poole
65%
Preston
65%
Hartlepool
64%
Maidenhead
64%
Milton Keynes North
64%
Milton Keynes South
64%
North Swindon
64%
Rutland and Melton
64%
Salford and Eccles
64%
Salisbury
64%
Slough
64%
South Swindon
64%
Watford
64%
Winchester
64%
Barnsley Central
63%
Barnsley East
63%
Cheltenham
63%
Middlesbrough South and East Cleveland
63%
North Wiltshire
63%
Scarborough and Whitby
63%
Shrewsbury and Atcham
63%
South West Wiltshire
63%
St. Ives
63%
Wigan
63%
Chelmsford
62%
Rother Valley
62%
Stockport
62%
Barrow and Furness
61%
Crewe and Nantwich
61%
Darlington
61%
Guildford
61%
Hove
61%
North Shropshire
61%
St. Albans
61%
Woking
61%
Wokingham
61%
Chesterfield
60%
Chichester
60%
Stratford upon Avon
60%
Warrington North
60%
Warrington South
60%
Aldershot
59%
Halifax
59%
Harrogate and Knaresborough
59%
Skipton and Ripon
59%
Southport
59%
Telford
59%
Windsor
59%
Yeovil
59%
Aylesbury
58%
Eastbourne
58%
East Worthing and Shoreham
58%
Great Yarmouth
58%
Rochester and Strood
58%
Dudley North
57%
Dudley South
57%
Folkestone and Hythe
57%
Gillingham and Rainham
57%
Macclesfield
57%
Mansfield
57%
Rochdale
57%
Rotherham
57%
South Basildon and East Thurrock
57%
Taunton Deane
57%
Walsall North
57%
Walsall South
57%
Wirral South
57%
Wirral West
57%
Altrincham and Sale West
56%
Basildon and Billericay
56%
Basingstoke
56%
Crawley
56%
North Thanet
56%
Scunthorpe
56%
South Thanet
56%
Wakefield
56%
Worthing West
56%
West Bromwich East
55%
West Bromwich West
55%
Ashford
54%
Berwick upon Tweed
54%
Grantham and Stamford
54%
Penrith and the Border
54%
Rugby
54%
New Forest East
53%
New Forest West
53%
Nuneaton
53%
St. Austell and Newquay
53%
Sutton Coldfield
53%
Birkenhead
52%
Bognor Regis and Littlehampton
52%
Clacton
52%
Lewes
52%
Stockton North
52%
Stockton South
52%
Banbury
51%
Chesham and Amersham
51%
Eastleigh
51%
Gateshead
51%
Morecambe and Lunesdale
51%
South Shields
51%
Stevenage
51%
St. Helens South and Whiston
51%
Wells
51%
Batley and Spen
50%
Beverley and Holderness
50%
Blyth Valley
50%
Bolsover
50%
Chorley
50%
Christchurch
50%
Dartford
50%
Harlow
50%
Jarrow
50%
Kettering
50%
Leigh
50%
Lichfield
50%
Loughborough
50%
Newark
50%
Solihull
50%
St. Helens North
50%
Tunbridge Wells
50%
Bishop Auckland
49%
Burton
49%
Forest of Dean
49%
Hexham
49%
Huntingdon
49%
Tonbridge and Malling
49%
Torbay
49%
Workington
49%
Arundel and South Downs
48%
Camborne and Redruth
48%
Chatham and Aylesford
48%
Dewsbury
48%
Keighley
48%
Ashton under Lyne
47%
Colne Valley
47%
Corby
47%
Denton and Reddish
47%
Redcar
47%
Ribble Valley
47%
South Ribble
47%
Welwyn Hatfield
47%
Weston super Mare
47%
Bracknell
46%
Brigg and Goole
46%
Epsom and Ewell
46%
Esher and Walton
46%
Hemel Hempstead
46%
High Peak
46%
Hitchin and Harpenden
46%
Tamworth
46%
Wythenshawe and Sale East
46%
Braintree
45%
Epping Forest
45%
Gosport
45%
Ludlow
45%
Newbury
45%
Normanton, Pontefract and Castleford
45%
North Tyneside
45%
Sittingbourne and Sheppey
45%
Tatton
45%
Thirsk and Malton
45%
Totnes
45%
Wycombe
45%
Ashfield
44%
Bromsgrove
44%
Fareham
44%
Gainsborough
44%
Havant
44%
Redditch
44%
Rossendale and Darwen
44%
Runnymede and Weybridge
44%
Sedgefield
44%
Sefton Central
44%
Stroud
44%
The Cotswolds
44%
Westmorland and Lonsdale
44%
Witney
44%
Worsley and Eccles South
44%
Amber Valley
43%
Bexhill and Battle
43%
Bootle
43%
Broxbourne
43%
Cleethorpes
43%
Copeland
43%
Daventry
43%
Reigate
43%
Sherwood
43%
Somerton and Frome
43%
Wyre Forest
43%
Broxtowe
42%
Cheadle
42%
Chippenham
42%
Halesowen and Rowley Regis
42%
Horsham
42%
Sevenoaks
42%
Tiverton and Honiton
42%
Tynemouth
42%
Devizes
41%
Henley
41%
Newton Abbot
41%
Pudsey
41%
Selby and Ainsty
41%
Stone
41%
Beaconsfield
40%
Calder Valley
40%
Penistone and Stocksbridge
40%
Rayleigh and Wickford
40%
Rushcliffe
40%
Stalybridge and Hyde
40%
Stourbridge
40%
Tewkesbury
40%
Bassetlaw
39%
Blackley and Broughton
39%
Blaydon
39%
Ellesmere Port and Neston
39%
Fylde
39%
Gravesham
39%
Louth and Horncastle
39%
Maldon
39%
Shipley
39%
Sleaford and North Hykeham
39%
The Wrekin
39%
Thurrock
39%
Wallasey
39%
Wansbeck
39%
Wellingborough
39%
Brentwood and Ongar
38%
Wantage
38%
Witham
38%
Aldridge Brownhills
37%
Cannock Chase
37%
Congleton
37%
Eddisbury
37%
Filton and Bradley Stoke
37%
Haltemprice and Howden
37%
Heywood and Middleton
37%
Makerfield
37%
Pendle
37%
Broadland
36%
Castle Point
36%
Erewash
36%
Hertsmere
36%
Waveney
36%
Bosworth
35%
Easington
35%
Knowsley
35%
Mole Valley
35%
South Holland and the Deepings
35%
Elmet and Rothwell
34%
Gedling
34%
Hazel Grove
34%
Hemsworth
34%
Kingswood
34%
Morley and Outwood
34%
Meon Valley
33%
Saffron Walden
33%
Spelthorne
33%
Harborough
32%
Hyndburn
32%
Meriden
32%
Warley
32%
Wealden
32%
Charnwood
31%
Garston and Halewood
30%
Halton
30%
Thornbury and Yale
30%
Staffordshire Moorlands
29%
Stretford and Urmston
29%
Weaver Vale
28%
Wentworth and Dearne
28%
No matching quizzes found
Score Distribution
Percent of People with Each Score
Percentile by Number Answered
Your Score History
You have not taken this quiz